000 00380nam a2200133Ia 4500
008 231129s2016||||xx |||||||||||||| ||spa||
020 _a978-958-46-9513
082 _a770 M715n
100 _aMojica Francisco.
245 0 _aLa necesidad de las ruinas
260 _c2016
264 _aBogotá: Embajada de Suiza en Colombia
942 _2ddc
_cBKS
999 _c17725
_d17725